| 000 | 02726nam a22002657a 4500 | ||
|---|---|---|---|
| 001 | 216217412 | ||
| 003 | UA-OsUOA | ||
| 005 | 20201117151200.0 | ||
| 008 | 200512b un ||||| m||| 00| 0 ukr d | ||
| 040 |
_aUA-OsUOA _bukr _cUA-OsUOA _dUA-OsUOA |
||
| 041 | _aukr | ||
| 080 | _a343.985:347.7 | ||
| 090 | _a343.985:347.7 | ||
| 095 |
_a12.00.09 _bкримінальний процес та криміналістика; судова експертиза; оперативно-розшукова діяльність |
||
| 100 | _aКузьмічова Є. В. | ||
| 245 |
_aОхорона лікарської таємниці у кримінальному процесі України _cКузьмічова Єлизавета Володимирівна ; наук. керівник Удалова Лариса Давидівна |
||
| 260 |
_aІрпінь _c2012 |
||
| 300 | _a19 с. | ||
| 502 |
_6Автореферат дисертації на здобуття наукового ступеня кандидата юридичних наук
_cНаціональний університет державної податкової служби України _d2012 |
||
| 520 | _aУ дисертації розроблено науково обгрунтовані засади охорони лікарської таємниці у кримінальному процесі України. Визначено зміст поняття “лікарська таємниця”, розкрито особливості її охорони з урахуванням стану законодавства України та практики його застосування. З’ясовано особливості охорони лікарської таємниці за міжнародно-правовими актами. Виокремлено принципи та виявлено умови охорони лікарської таємниці у кримінальному процесі. Дослідження дістало практичне упровадження у розроблених на його основі пропозиціях до кримінально-процесуального законодавства, а також рекомендаціях щодо удосконалення криміналістичного забезпечення охорони лікарської таємниці. | ||
| 650 |
_2UDC _a343 Кримінальне право. Карні порушення |
||
| 942 |
_2udc _cAR |
||
| 955 | _a1 | ||
| 999 |
_c459182 _d459182 |
||